[Event "Mitropa Cup (Women)"]
[Site "Apolda"]
[Date "2024.02.23"]
[Round "9.16"]
[White "Sekova, Olivia"]
[Black "Pellicoro, Nathalie"]
[Result "1-0"]
[WhiteElo "2074"]
[BlackElo "1905"]
[PlyCount "51"]
[EventDate "2024.02.15"]
[EventType "team-tourn"]
[EventRounds "9"]
[EventCountry "GER"]
[SourceTitle "CB09_2024"]
[SourceDate "2024.02.28"]
[SourceVersion "1"]
[SourceVersionDate "2024.02.28"]
[SourceQuality "1"]
[WhiteTeam "Slovakia (W)"]
[BlackTeam "Switzerland (W)"]
[WhiteTeamCountry "SVK"]
[BlackTeamCountry "SUI"]

1. d4 Nf6 2. c4 c5 3. d5 d6 4. Nc3 g6 5. e4 Bg7 6. f4 0-0 7. Nf3 e6 8. Bd3 Re8 9. 0-0 exd5 10. exd5 Na6 11. f5 Nc7 12. a4 Rb8 13. Bg5 h6 14. Bxf6 Qxf6 15. fxg6 fxg6 16. Ne4 Qd8 17. Qd2 Bf5 18. Rae1 b5 19. axb5 a6 20. Ng3 Bxd3 21. Qxd3 Qf6 22. Ne5 Qe7 23. Nc6 Qxe1 24. Rxe1 Rxe1+ 25. Kf2 Rbe8 26. b6 1-0

[Event "Mitropa Cup (Women)"]
[Site "Apolda"]
[Date "2024.02.19"]
[Round "5.8"]
[White "Sekova, Olivia"]
[Black "Mihelic, Vesna"]
[Result "1-0"]
[WhiteElo "2074"]
[BlackElo "2097"]
[PlyCount "99"]
[EventDate "2024.02.15"]
[EventType "team-tourn"]
[EventRounds "9"]
[EventCountry "GER"]
[SourceTitle "CB09_2024"]
[SourceDate "2024.02.28"]
[SourceVersion "1"]
[SourceVersionDate "2024.02.28"]
[SourceQuality "1"]
[WhiteTeam "Slovakia (W)"]
[BlackTeam "Slovenia (W)"]
[WhiteTeamCountry "SVK"]
[BlackTeamCountry "SLO"]

1. e4 e5 2. Nf3 Nc6 3. d4 exd4 4. Nxd4 Nf6 5. Nxc6 bxc6 6. Nd2 d5 7. exd5 cxd5 8. Bb5+ Bd7 9. Bxd7+ Qxd7 10. 0-0 Be7 11. b3 0-0 12. Bb2 Qf5 13. Nf3 Ne4 14. Qd3 Rad8 15. Rad1 Bf6 16. Nd4 Qd7 17. Ba3 Rfe8 18. f3 Nd6 19. c3 Re5 20. Qa6 Nc8 21. Bc5 Rg5 22. Kh1 Rg6 23. Qb5 Be7 24. Bxe7 Nxe7 25. Rfe1 Kf8 26. Qc5 c6 27. Re2 Rd6 28. Rde1 Nc8 29. Re5 g6 30. b4 a6 31. a4 Qa7 32. Nb3 Qb6 33. a5 Qb5 34. Qd4 Rf6 35. Rxd5 Qxd5 36. Qxf6 Kg8 37. Nd4 Na7 38. Re5 Qd6 39. Qxd6 Rxd6 40. Rc5 Rd5 41. Rxd5 cxd5 42. Kg1 Kf8 43. Kf2 Ke7 44. Ke3 Kd6 45. Kf4 f6 46. g4 h6 47. h4 Nc8 48. h5 f5 49. hxg6 fxg4 50. g7 1-0

[Event "SVK-ch U14 Girls"]
[Site "Dudince"]
[Date "2023.04.20"]
[Round "6"]
[White "Horvathova, Hana"]
[Black "Sekova, Olivia"]
[Result "1/2-1/2"]
[WhiteElo "1478"]
[BlackElo "1827"]
[PlyCount "98"]
[EventDate "2023.04.16"]
[EventType "swiss"]
[EventRounds "9"]
[EventCountry "SVK"]
[SourceTitle "CBM 213 Extra"]
[Source "ChessBase"]
[SourceDate "2023.05.31"]
[SourceVersion "1"]
[SourceVersionDate "2023.05.31"]
[SourceQuality "1"]

1. e4 c5 2. c3 d5 3. exd5 Qxd5 4. d4 Nf6 5. Nf3 Bg4 6. Be2 e6 7. Be3 cxd4 8. Bxd4 Be7 9. Bxf6 Qxd1+ 10. Bxd1 Bxf6 11. 0-0 Nc6 12. Nbd2 0-0 13. Re1 Rad8 14. h3 Bf5 15. Rc1 Rxd2 16. Nxd2 Bg5 17. Nb3 Bxc1 18. Nxc1 Rd8 19. Nb3 a5 20. Bf3 Bc2 21. Bxc6 Bxb3 22. Bxb7 Bxa2 23. Ra1 Rb8 24. Rxa2 Rxb7 25. Rxa5 Kf8 26. b4 Rc7 27. Ra3 Ke7 28. Kf1 Kd6 29. Ke2 Rc4 30. Kd3 Rf4 31. f3 h5 32. Ra6+ Kc7 33. c4 h4 34. b5 Rf5 35. Ke4 Kb7 36. Kd4 Rg5 37. Ra2 Kb6 38. Rc2 Ka5 39. Rb2 Kb6 40. Rc2 Ka5 41. Kc3 Re5 42. Ra2+ Kb6 43. Kb4 Rg5 44. c5+ Kb7 45. b6 Kc6 46. Rc2 Rd5 47. Ka5 Rd4 48. Rb2 Kxc5 49. b7 Rd1 1/2-1/2

[Event "SVK-ch U14 Girls"]
[Site "Dudince"]
[Date "2023.04.17"]
[Round "2"]
[White "Sosovickova, Martina"]
[Black "Sekova, Olivia"]
[Result "1/2-1/2"]
[WhiteElo "1759"]
[BlackElo "1827"]
[PlyCount "108"]
[EventDate "2023.04.16"]
[EventType "swiss"]
[EventRounds "9"]
[EventCountry "SVK"]
[SourceTitle "CBM 213 Extra"]
[Source "ChessBase"]
[SourceDate "2023.05.31"]
[SourceVersion "1"]
[SourceVersionDate "2023.05.31"]
[SourceQuality "1"]

1. e4 c5 2. Nf3 e6 3. d4 cxd4 4. Nxd4 a6 5. Nc3 b5 6. a3 Bb7 7. Be2 Qc7 8. 0-0 Nf6 9. Bf3 d6 10. Bg5 Nbd7 11. Re1 Be7 12. Qd2 Ne5 13. Be2 0-0 14. Bf1 Rfe8 15. f4 Ned7 16. Nf3 Rad8 17. Kh1 Nc5 18. Bd3 d5 19. exd5 Nxd3 20. Qxd3 Bxd5 21. Nxd5 Rxd5 22. Qe2 Rc5 23. c3 Nd5 24. g3 Nb6 25. Bxe7 Rxe7 26. Rad1 h6 27. Rd3 Rd5 28. Red1 Red7 29. Ne5 Rxd3 30. Rxd3 Rxd3 31. Qxd3 f6 32. Nf3 Qc6 33. Kg1 Nc4 34. Qd8+ Kf7 35. Nd4 Qd5 36. Qc7+ Kg6 37. h4 Ne3 38. Qc6 Qxc6 39. Nxc6 Nc4 40. Nb4 Nxb2 41. Nxa6 Na4 42. Nc7 Nxc3 43. Kg2 Kf5 44. Kf3 h5 45. Ne8 Kg6 46. Nd6 f5 47. Ke3 b4 48. axb4 Nd5+ 49. Kd4 Nxb4 50. Ke5 Nc6+ 51. Kxe6 Nd4+ 52. Ke5 Nc6+ 53. Ke6 Nd4+ 54. Ke5 Nc6+ 1/2-1/2

[Event "SVK-chT1E 2223"]
[Site "Slovakia"]
[Date "2022.10.16"]
[Round "2.7"]
[White "Magat, Jozef"]
[Black "Sekova, Olivia"]
[Result "1-0"]
[WhiteElo "2059"]
[BlackElo "1779"]
[PlyCount "63"]
[EventDate "2022.10.15"]
[EventType "team-tourn"]
[EventRounds "11"]
[EventCountry "SVK"]
[SourceTitle "EXT 2024"]
[Source "ChessBase"]
[SourceDate "2023.10.10"]
[SourceVersion "1"]
[SourceVersionDate "2023.10.10"]
[SourceQuality "1"]
[WhiteTeam "Dunajov Martin"]
[BlackTeam "Humenne Reinter II"]
[WhiteTeamCountry "SVK"]
[BlackTeamCountry "SVK"]

1. Nf3 Nf6 2. d4 g6 3. c4 Bg7 4. Nc3 d6 5. g3 0-0 6. Bg2 Nc6 7. 0-0 a6 8. d5 Na5 9. Qd3 c5 10. e4 Rb8 11. a4 Nb3 12. Ra3 Nxc1 13. Rxc1 Bd7 14. Re1 Ne8 15. e5 dxe5 16. Nxe5 Bf5 17. Qd2 Nd6 18. Bf1 Qc7 19. f4 Bd7 20. Kg2 Nf5 21. Bd3 Nd4 22. Nxd7 Qxd7 23. Ne4 Rfc8 24. b4 cxb4 25. Qxb4 b5 26. axb5 axb5 27. cxb5 Nc2 28. Bxc2 Rxc2+ 29. Nf2 Qxd5+ 30. Qe4 Qd4 31. Qxc2 Qb4 32. Rae3 1-0

[Event "SVK-ch U14 Girls"]
[Site "Stara Lubovna"]
[Date "2022.05.24"]
[Round "5"]
[White "Sekova, Olivia"]
[Black "Sosovickova, Martina"]
[Result "1-0"]
[WhiteElo "1708"]
[BlackElo "1732"]
[PlyCount "111"]
[EventDate "2022.05.21"]
[EventType "swiss"]
[EventRounds "9"]
[EventCountry "SVK"]
[SourceTitle "CBM 208 Extra"]
[Source "ChessBase"]
[SourceDate "2022.07.31"]
[SourceVersion "1"]
[SourceVersionDate "2022.07.31"]
[SourceQuality "1"]

1. e4 c5 2. Nf3 d6 3. d4 cxd4 4. Qxd4 Nc6 5. Bb5 Bd7 6. Bxc6 Bxc6 7. Nc3 Nf6 8. Bg5 e6 9. 0-0-0 Be7 10. Qd3 a6 11. Nd4 d5 12. e5 Nd7 13. Bxe7 Qxe7 14. f4 g5 15. f5 Nc5 16. Qe2 Qc7 17. fxe6 fxe6 18. Qh5+ Qf7 19. Qxg5 Rf8 20. Rhf1 Qe7 21. Rxf8+ Qxf8 22. Qh5+ Qf7 23. Qxf7+ Kxf7 24. Rf1+ Ke7 25. Rf6 a5 26. a3 Rg8 27. b4 axb4 28. axb4 Na4 29. Rxe6+ Kd7 30. Rd6+ Kc7 31. Ne6+ Kc8 32. Nxd5 Re8 33. Ne7+ Kb8 34. Nxc6+ bxc6 35. Rd8+ Rxd8 36. Nxd8 Kc7 37. Ne6+ Kd7 38. Nc5+ Nxc5 39. bxc5 Ke6 40. Kd2 Kxe5 41. Kd3 h5 42. Ke3 Kf5 43. h3 Kg5 44. Kf3 Kh4 45. g4 hxg4+ 46. hxg4 Kg5 47. Ke4 Kf6 48. g5+ Kxg5 49. Ke5 Kg6 50. Kd6 Kf7 51. Kxc6 Ke8 52. Kc7 Ke7 53. c6 Ke8 54. Kc8 Ke7 55. c7 Kd6 56. Kd8 1-0

[Event "EU-ch Schools U13 Girls"]
[Site "Tornelo INT"]
[Date "2021.12.10"]
[Round "2"]
[White "Novomeska, Karin"]
[Black "Sekova, Olivia"]
[Result "0-1"]
[WhiteElo "1567"]
[BlackElo "1641"]
[PlyCount "76"]
[EventDate "2021.12.03"]
[EventType "swiss (rapid)"]
[EventRounds "7"]
[EventCountry "NET"]
[SourceTitle "EXT 2023"]
[Source "ChessBase"]
[SourceDate "2022.10.05"]
[SourceVersion "1"]
[SourceVersionDate "2022.10.05"]
[SourceQuality "1"]

1. d4 Nf6 2. c4 e6 3. Nc3 Bb4 4. Bg5 0-0 5. Nf3 d5 6. e3 h6 7. Bxf6 Qxf6 8. a3 Bxc3+ 9. bxc3 dxc4 10. Bxc4 Nc6 11. 0-0 Rd8 12. Qc2 e5 13. Nd2 Bf5 14. Ne4 Qg6 15. Bd3 Re8 16. Ng3 Bxd3 17. Qb3 Bxf1 18. Rxf1 b6 19. Rc1 Rad8 20. Qa4 Na5 21. Qb4 Qd6 22. Qa4 Qc6 23. Qb4 Qc4 24. Qb2 c5 25. h3 Qb3 26. Qxb3 Nxb3 27. Rb1 c4 28. Rb2 exd4 29. cxd4 Na5 30. Rc2 b5 31. Ne2 Nb3 32. Nc3 a6 33. a4 b4 34. Na2 Na1 35. Rxc4 b3 36. Nc3 Rb8 37. Kf1 b2 38. Nb1 Rec8 0-1